000 00220nam a2200073Ia 4500
008 170817s9999 xx 000 0 und d
100 _aSINGH ARUN KAUMAR
245 0 _aMADDHYAMIK SIKSHA PRABANDH EVAM SANDARBHIT DRISHTICON
260 _bSRI KAVITA PRAKASHAN
999 _c36694
_d36694